[Event "AUTO-OPEN-1449"]
[Site "http://www.queenalice.com/game.php?id=543656"]
[Date "2009.2.20"]
[Round "1"]
[White "oliver26"]
[Black "jacques"]
[Result "1-0"]
[WhiteElo "1897"]
[BlackElo "1681"]

1. d4 d5 2. Nf3 Bg4 3. e3 c5 4. c3 c4 5. Be2 Bxf3 6. Bxf3 Nf6 7. Nd2 Nc6 8. O-O
e5 9. dxe5 Nxe5 10. Be2 Nd3 11. Bxd3 cxd3 12. Nf3 Bd6 13. Qxd3 O-O 14. Rd1 Qc7
15. h3 Rad8 16. Nd4 Ne4 17. Nb5 Bh2+ 18. Kf1 Qe5 19. Qd4 Qf5 20. f4 Qh5 21. Qd3
Qh4 22. Qc2 Ng3+ 23. Kf2 Ne4+ 24. Kf1 a6 25. Nd4 Qg3 26. Nf3 Rd6 27. c4 Rg6 28.
cxd5 f5 29. Ng5 Nxg5 30. fxg5 Rxg5 31. Qf2 Qxf2+ 32. Kxf2 Bd6 33. Bd2 Re8 34.
Bc3 Rg3 35. Bd4 h5 36. Rd3 g5 37. Rad1 h4 38. Rb3 b5 39. Rc1 g4 40. hxg4 fxg4
41. Rc6 Rf8+ 42. Kg1 h3 43. Rc2 Rf1+ 44. Kxf1 h2 45. Rc8+ Kh7 46. Rh8+ Kg6 47.
Rxh2 Rxe3 48. Rxe3 Bxh2 49. g3 a5 50. Kg2 1-0

[Event "AUTO-OPEN-1449"]
[Site "http://www.queenalice.com/game.php?id=543657"]
[Date "2009.2.20"]
[Round "1"]
[White "jacques"]
[Black "oliver26"]
[Result "0-1"]
[WhiteElo "1681"]
[BlackElo "1876"]

1. e4 e6 2. d4 d5 3. e5 c5 4. c3 Nc6 5. Bb5 Qb6 6. Bxc6+ bxc6 7. Nf3 cxd4 8.
Qxd4 Qxd4 9. Nxd4 Bd7 10. Nd2 c5 11. N4f3 Ne7 12. Nb3 Nc6 13. Be3 c4 14. Nbd4
Nxd4 15. Bxd4 Be7 16. O-O O-O 17. a3 Rfb8 18. Rab1 Rb7 19. Rfe1 Rab8 20. Nd2 a5
21. Nf1 Rxb2 22. Rxb2 Rxb2 23. Ne3 a4 24. Ra1 Rb3 25. Nc2 Rb2 26. Nb4 Rb3 27. g3
f6 28. f4 fxe5 29. Bxe5 Bf6 30. Bxf6 gxf6 31. Na6 Rxc3 32. Nc5 Be8 33. Nxe6 Bf7
34. Nd4 Be8 35. Nf5 Rd3 36. Nd6 Bd7 37. Nb7 Rd2 38. Nc5 Be8 39. Re1 Kf7 40. Ne6
c3 41. Nd8+ Kf8 42. Ne6+ Kg8 43. Nc5 Bb5 44. Rc1 c2 45. Rxc2 Rxc2 46. Nb7 d4 47.
Nd6 d3 48. Nxb5 d2 49. Kg2 d1=Q+ 50. Kh3 Qh5# 0-1

[Event "AUTO-OPEN-1449"]
[Site "http://www.queenalice.com/game.php?id=543658"]
[Date "2009.2.20"]
[Round "1"]
[White "oliver26"]
[Black "hamurobi2"]
[Result "0-1"]
[WhiteElo "1870"]
[BlackElo "1614"]

1. d4 d5 2. Nf3 Nc6 3. c3 Nf6 4. Bf4 Ne4 5. e3 Bg4 6. h3 Bh5 7. Be2 e6 8. Nfd2
Bg6 9. O-O Be7 10. Bh5 Bf5 11. Bg4 g6 12. Be2 h6 13. g4 g5 14. Bh2 Bg6 15. f3
Nd6 16. Na3 h5 17. Nc2 hxg4 18. hxg4 Qd7 19. Kg2 O-O-O 20. Ne1 Rh6 21. Bd3 Rdh8
22. Bg3 f5 23. Nc2 f4 24. exf4 Bxd3 0-1

[Event "AUTO-OPEN-1449"]
[Site "http://www.queenalice.com/game.php?id=543659"]
[Date "2009.2.20"]
[Round "1"]
[White "hamurobi2"]
[Black "oliver26"]
[Result "0-1"]
[WhiteElo "1628"]
[BlackElo "1823"]

1. e4 e6 2. Nc3 c5 3. Nf3 d5 4. exd5 exd5 5. d4 Nf6 6. Qe2+ Be7 7. h3 O-O 8. Be3
Re8 9. Qd1 Nc6 10. dxc5 Bxc5 11. Qd2 d4 12. Nxd4 Bxd4 13. O-O-O Bxe3 14. fxe3
Qxd2+ 15. Kxd2 Bf5 16. Re1 Rad8+ 17. Kc1 Nb4 18. Re2 Nxc2 19. Rxc2 Bxc2 20. Kxc2
Rxe3 21. Bd3 Rexd3 0-1

[Event "AUTO-OPEN-1449"]
[Site "http://www.queenalice.com/game.php?id=543660"]
[Date "2009.2.20"]
[Round "1"]
[White "oliver26"]
[Black "Fura"]
[Result "1-0"]
[WhiteElo "1819"]
[BlackElo "1836"]

1. d4 d5 2. Nf3 Bg4 3. e3 e6 4. Bd3 Nf6 5. Nbd2 c5 6. c3 g6 7. h3 Bf5 8. Bxf5
exf5 9. O-O Bd6 10. Re1 Ne4 11. Nf1 h5 12. N3d2 Qc7 13. f3 Bh2+ 14. Nxh2 Nf6 15.
Nhf1 g5 16. dxc5 g4 17. fxg4 hxg4 18. hxg4 Nxg4 19. Nf3 Rh1+ 20. Kxh1 Nf2+ 21.
Kg1 Nxd1 22. Rxd1 Qxc5 23. Nd4 f4 24. exf4 Nc6 25. Re1+ Kd7 26. Be3 Qd6 27. Nxc6
bxc6 28. Rad1 f5 29. Bd4 Qxf4 30. c4 Rg8 31. cxd5 cxd5 32. Bxa7 Qd6 33. Ne3 Rh8
34. Rxd5 Re8 35. Rxd6+ Kxd6 36. Nxf5+ Kd7 37. Rxe8 Kxe8 38. b4 1-0

[Event "AUTO-OPEN-1449"]
[Site "http://www.queenalice.com/game.php?id=543661"]
[Date "2009.2.20"]
[Round "1"]
[White "Fura"]
[Black "oliver26"]
[Result "0-1"]
[WhiteElo "1842"]
[BlackElo "1835"]

1. e4 e6 2. d4 d5 3. Nc3 dxe4 4. Nxe4 Nd7 5. Nf3 Ngf6 6. Ng3 b6 7. Bb5 Bb7 8.
Ne5 Bxg2 9. Rg1 Bb7 10. Bg5 Be7 11. Bxf6 gxf6 12. Bxd7+ Kf8 13. Bc6 Bxc6 14.
Nxc6 Qd6 15. Nxe7 Qxe7 16. Qe2 Rd8 17. c3 c5 18. O-O-O cxd4 19. Qd2 Qc7 20. Nh5
Ke7 21. Qf4 Qxf4+ 22. Nxf4 dxc3 23. bxc3 Rc8 24. Kc2 Rc4 25. Ne2 Rh4 26. Nd4 Rc8
27. Nf3 Rf4 28. Rd3 e5 29. Rgd1 e4 30. Rd7+ Kf8 31. Nd2 Rxf2 32. Re1 Re8 33. Kb3
e3 34. Nc4 e2 35. Nd2 Rxh2 36. Kc2 h5 37. Rxa7 h4 38. Nf3 Rh3 39. Nd4 Rh2 40.
Ra4 h3 41. Nf3 Rf2 42. Rh4 Re3 43. Nd2 h2 44. c4 Rg2 45. Nf3 Rxf3 46. Kd2 Rf1
47. Rxe2 Rxe2+ 48. Kxe2 h1=Q 49. Rxh1 Rxh1 50. Kd3 Ke7 51. Kd4 Kd6 0-1

[Event "Challenge"]
[Site "http://www.queenalice.com/game.php?id=560164"]
[Date "2009.3.23"]
[Round "-"]
[White "piemme"]
[Black "oliver26"]
[Result "0-1"]
[WhiteElo "1796"]
[BlackElo "1953"]

1. e4 e6 2. d3 d5 3. Bd2 c5 4. Be2 Nc6 5. exd5 exd5 6. c4 d4 7. Nf3 Bd6 8. Bg5
Nge7 9. b3 O-O 10. O-O Re8 11. a4 f6 12. Bd2 Ne5 13. Bf4 Nxf3+ 14. Bxf3 Bxf4 15.
g3 Bd6 16. Nd2 Bh3 17. Bg2 Bxg2 18. Kxg2 Nc6 19. Nf3 Ne5 20. Rb1 Nxf3 21. Qxf3
b6 22. h4 Qc7 23. Rbe1 Rad8 24. Qh5 Qd7 25. Qd5+ Kh8 26. Rxe8+ Qxe8 27. Qb7 Rd7
28. Qc6 Be5 29. Re1 Re7 30. Qxe8+ Rxe8 31. f4 Kg8 32. fxe5 Rxe5 33. Rf1 Re2+ 34.
Rf2 Re1 35. Rf1 Rxf1 36. Kxf1 Kf7 37. Kf2 Ke6 38. Kf3 Kf5 39. g4+ Ke5 40. h5 h6
41. Kg3 f5 42. gxf5 Kxf5 43. Kh4 Kf4 44. Kh3 Kg5 45. Kg3 Kxh5 46. Kf4 g5+ 47.
Kg3 g4 48. Kg2 Kh4 49. Kf2 Kh3 50. Ke2 g3 51. Kf1 Kh2 0-1

[Event "Challenge"]
[Site "http://www.queenalice.com/game.php?id=567151"]
[Date "2009.4.5"]
[Round "-"]
[White "petrovic"]
[Black "oliver26"]
[Result "0-1"]
[WhiteElo "1846"]
[BlackElo "1941"]

1. e4 e6 2. b3 d5 3. Bd3 dxe4 4. Bxe4 Nf6 5. Bf3 Be7 6. Ne2 O-O 7. O-O Nbd7 8.
Bb2 Rb8 9. d4 b6 10. c4 Bb7 11. d5 exd5 12. cxd5 Nc5 13. Nbc3 Re8 14. Nf4 Bd6
15. Qd4 Be5 16. Qc4 Ba6 17. Qb4 Bxf1 18. Kxf1 Bxf4 19. Qxf4 Nd3 20. Qd2 Nxb2 21.
Qxb2 Qe7 22. Qd2 Rbd8 23. Rd1 h6 24. g3 a6 25. Kg2 Rd6 26. Qe2 Qxe2 27. Bxe2
Red8 28. Bxa6 Nxd5 29. Nxd5 Rxd5 30. Rxd5 Rxd5 31. a4 c6 32. Bc4 Ra5 33. g4 b5
34. axb5 cxb5 35. Bd5 b4 36. Bc4 Rc5 37. Be2 Rc3 38. Bd1 Kf8 39. f3 Rd3 40. Be2
Rxb3 41. Kf2 Rb2 42. Ke1 b3 43. Bd3 Rxh2 44. Kd1 b2 45. Bb1 Ke7 46. Be4 Rh1+ 0-1

[Event "Challenge"]
[Site "http://www.queenalice.com/game.php?id=567152"]
[Date "2009.4.5"]
[Round "-"]
[White "oliver26"]
[Black "petrovic"]
[Result "1-0"]
[WhiteElo "1906"]
[BlackElo "1837"]

1. d4 d6 2. Nf3 e6 3. e4 Be7 4. e5 Nd7 5. Bf4 a6 6. Bd3 dxe5 7. Nxe5 Nxe5 8.
Bxe5 Bf6 9. Bxf6 Qxf6 10. O-O Qxd4 11. Bb5+ Qd7 12. Bxd7+ Bxd7 13. Qg4 g6 14.
Qd4 f6 15. Rd1 Rd8 16. Nc3 h5 17. Qe4 Ne7 18. Qxb7 c6 19. Qxa6 O-O 20. Qe2 Kf7
21. Ne4 Nd5 22. Nd6+ Ke7 23. Ne4 Rb8 24. c4 Nb6 25. Nc5 Rfd8 26. Rxd7+ Nxd7 27.
Qxe6+ Kf8 28. Nxd7+ Rxd7 29. Qxd7 Rxb2 30. Qxc6 1-0

[Event "Challenge"]
[Site "http://www.queenalice.com/game.php?id=571283"]
[Date "2009.4.13"]
[Round "-"]
[White "Mike36bh"]
[Black "oliver26"]
[Result "0-1"]
[WhiteElo "1796"]
[BlackElo "1920"]

1. d4 d5 2. Nc3 Bf5 3. Bf4 e6 4. a3 c6 5. h3 Bd6 6. e3 Bxf4 7. exf4 h6 8. Nf3
Nf6 9. Bd3 Bxd3 10. Qxd3 O-O 11. O-O Qc7 12. Ne5 Nfd7 13. b4 Qd8 14. b5 c5 15.
Na4 c4 16. Qc3 b6 17. Nb2 f6 18. Nc6 Nxc6 19. bxc6 Nb8 20. Qe3 Re8 21. c3 Nxc6
22. Qg3 e5 23. fxe5 fxe5 24. dxe5 Rxe5 25. f4 Re2 26. Nd1 Qe7 27. f5 Qe5 28. Qg4
Re4 29. Qf3 Rf8 30. Qh5 Ne7 31. Nb2 Nxf5 32. Rxf5 Rxf5 33. Qd1 Qxc3 34. Na4 Qe3+
35. Kh1 Rf2 36. Qxd5+ Kh8 37. Rg1 Qd4 38. Qa8+ Kh7 39. Qxa7 Ree2 40. Qb7 Qh4 41.
Qc7 Ra2 42. Qd6 Rf3 43. Qe6 Rf6 44. Qe3 Raf2 45. Nc3 R6f5 46. Kh2 Qf4+ 47. Qxf4
R2xf4 48. a4 Ra5 49. Rb1 Rf6 50. h4 Rd6 51. g3 Rd3 52. Rc1 Rxc3 53. Rxc3 Rxa4
54. Kg2 b5 55. Kf2 Rb4 56. Ra3 Rb3 57. Ra2 c3 58. Ke1 Rb1+ 59. Ke2 Rb2+ 60. Kd3
Rxa2 61. Kxc3 Ra3+ 62. Kb4 Rxg3 63. Kxb5 Rh3 0-1

[Event "Challenge"]
[Site "http://www.queenalice.com/game.php?id=573317"]
[Date "2009.4.17"]
[Round "-"]
[White "oliver26"]
[Black "petrovic"]
[Result "0-1"]
[WhiteElo "1963"]
[BlackElo "1809"]

1. d4 d6 2. Nf3 c6 3. e3 Nf6 4. Bd3 Bg4 5. Nbd2 h6 6. h3 Bh5 7. g4 Bg6 8. Bxg6
fxg6 9. Nh4 g5 10. Nf5 e6 11. Ng3 d5 12. Nf3 Bd6 13. Ne5 Bxe5 14. dxe5 Nfd7 15.
f4 O-O 16. Rf1 gxf4 17. exf4 Qh4 18. Kf2 Nxe5 19. Kg2 Nc4 20. Qe2 Qe7 21. b3 Nd6
22. Ba3 Qd7 23. Rae1 Re8 24. Bxd6 Qxd6 25. Nh5 Nd7 26. Qd3 e5 27. fxe5 Rxe5 28.
Rxe5 Nxe5 29. Qf5 d4 30. Rf2 Rf8 31. Qxf8+ Qxf8 32. Rxf8+ Kxf8 33. Nf4 Kf7 34.
Kf2 Kf6 35. Ke2 g6 36. Ng2 g5 37. Ne1 c5 38. Kd2 Ke6 39. c3 b5 40. a3 a5 41. Nc2
Kd5 42. Ne1 Ke4 43. cxd4 Kxd4 44. Nc2+ Ke4 45. Ke2 Nf3 46. b4 Ng1+ 47. Kf2 Nxh3+
48. Kg3 Nf4 49. bxa5 Nd5 50. a6 c4 51. Nb4 Nb6 0-1

[Event "Challenge"]
[Site "http://www.queenalice.com/game.php?id=577195"]
[Date "2009.4.24"]
[Round "-"]
[White "blikinn"]
[Black "oliver26"]
[Result "1-0"]
[WhiteElo "2003"]
[BlackElo "1927"]

1. d4 d5 2. Bf4 Bf5 3. e3 e6 4. Nf3 Nf6 5. a3 Bd6 6. Bg3 O-O 7. Bd3 Be4 8. Nc3
Bxd3 9. Qxd3 c6 10. Ne5 Qc7 11. f4 Nfd7 12. O-O f6 13. Nf3 e5 14. Nh4 exd4 15.
Qxd4 Bc5 16. Qd3 Re8 17. Rae1 Bd6 18. Nf5 Bf8 19. b4 Nb6 20. Nd4 Qf7 21. f5 1-0

[Event "Challenge"]
[Site "http://www.queenalice.com/game.php?id=577196"]
[Date "2009.4.24"]
[Round "-"]
[White "oliver26"]
[Black "blikinn"]
[Result "0-1"]
[WhiteElo "1941"]
[BlackElo "1989"]

1. d4 d5 2. Nf3 Nc6 3. c3 h6 4. Bf4 Nf6 5. e3 Nh5 6. Bg3 Nxg3 7. hxg3 Bg4 8. Be2
Qd7 9. Nbd2 Qf5 10. Nh4 Bxe2 11. Nxf5 Bxd1 12. Rxd1 g6 13. Nh4 g5 14. Nhf3 g4
15. Nh4 e6 16. e4 O-O-O 17. e5 Be7 18. Nf1 Bg5 19. Ke2 a5 20. Ne3 h5 21. f4
gxf3+ 0-1